LIBRARY & INFORMATION CENTRE, KCAET, TAVANUR

ONLINE PUBLIC ACCESS CATALOGUE (OPAC)

India`s changing villages:Human factors in community development / (Record no. 3183)

MARC details
000 -LEADER
fixed length control field 00424cam a2200157ua 4500
041 ## - LANGUAGE CODE
Language code of text/sound track or separate title eng
082 ## - DEWEY DECIMAL CLASSIFICATION NUMBER
Classification number 307.762
Item number DUB/IN
100 ## - MAIN ENTRY--AUTHOR NAME
Personal name Dube, S C .
245 ## - TITLE STATEMENT
Title India`s changing villages:Human factors in community development /
250 ## - EDITION STATEMENT
Edition statement 1 /
260 ## - PUBLICATION, DISTRIBUTION, ETC. (IMPRINT)
Place of publication NewYork :
Name of publisher Cornell university press ,
Year of publication 1958.
300 ## - PHYSICAL DESCRIPTION
Number of Pages 225 ; .
942 ## - ADDED ENTRY ELEMENTS (KOHA)
Koha item type Books
Holdings
Withdrawn status Lost status Damaged status Home library Current library Date acquired Full call number Accession Number Koha item type
Withdrawn     KAUAET Sanskrit University 07/04/2012 307.762 654 Books
free website counter